| 000 | 00635cam a2200145 4500500 | ||
|---|---|---|---|
| 005 | 20260208010423.0 | ||
| 041 | _afre | ||
| 042 | _adc | ||
| 100 | 1 | 0 |
_aMeyers, Jean _eauthor |
| 245 | 0 | 0 | _aSilvia RIZZO, Ricerche sul latino umanistico, t. 1, Rome, Edizioni di Storia e Letteratura,2002 ; 1 vol. in-8°, VIII-237 p. (Storia e Letteratura. Raccolta di Studi e Testi, 213). ISBN :88-84981-04-2. Prix : €33,00. |
| 260 | _c2005. | ||
| 500 | _a3 | ||
| 786 | 0 | _nLe Moyen Age | CXI | 2 | 2005-09-01 | p. XLIX-XLIX | 0027-2841 | |
| 856 | 4 | 1 | _uhttps://shs.cairn.info/revue-le-moyen-age-2005-2-page-XLIX?lang=fr&redirect-ssocas=7080 |
| 999 |
_c1656442 _d1656442 |
||